000 00957nam a2200217Ia 4500
999 _c38352
_d38352
001 4362
003 GE_BSU
005 20191009150450.0
008 181216s1982||||ge |||||||||||||| ||geo||
040 _cGE_BSU
041 _ageo
080 _a821.353.1–1+821.353.1–32+821.172–1+821.172–32 ხ–36
245 _aხე იმედისა :
_bქართველ და ლიტველ ავტორთა ლექსები და მოთხრობები /
_cრედ. ოთარ ბაქანიძე.
264 _aთბ. :
_bთბილ. უნ-ტის გამ-ბა,
_c1982.
300 _a96 გვ.;
_b16 სმ.
500 _aეძღვნება ვილნიუსის უნ-ტის 400 წლისთავს
653 _aლექსები
653 _aმოთხრობები
700 _aბაქანიძე, ო.
_eრედაქტორი
_94656
942 _cBK
_2udc